BIBLIOTECA

SENCICO

Remodelación de espacios en el hogar : Guía para arquitectos, diseñadores de interiores y propietarios de viviendas (Registro nro. 2359)

Detalles MARC
000 -LEADER
fixed length control field 00572nam a2200205Ia 4500
005 - DATE AND TIME OF LATEST TRANSACTION
control field 20251020182540.0
008 - FIXED-LENGTH DATA ELEMENTS--GENERAL INFORMATION
fixed length control field 200515s9999 xx 000 0 und d
082 ## - DEWEY DECIMAL CLASSIFICATION NUMBER
Classification number 728.22/T36
100 ## - MAIN ENTRY--PERSONAL NAME
Personal name TEMPLE, Nancy
245 #0 - TITLE STATEMENT
Title Remodelación de espacios en el hogar : Guía para arquitectos, diseñadores de interiores y propietarios de viviendas
260 ## - PUBLICATION, DISTRIBUTION, ETC.
Place of publication, distribution, etc. México, D.F.
260 ## - PUBLICATION, DISTRIBUTION, ETC.
Date of publication, distribution, etc. 1996
300 ## - PHYSICAL DESCRIPTION
Extent 282
500 ## - GENERAL NOTE
General note 1 ejemplar
650 ## - SUBJECT ADDED ENTRY--TOPICAL TERM
Topical term or geographic name entry element DECORACION
650 ## - SUBJECT ADDED ENTRY--TOPICAL TERM
Topical term or geographic name entry element DISEÑO DE INTERIORES
650 ## - SUBJECT ADDED ENTRY--TOPICAL TERM
Topical term or geographic name entry element LIB
650 ## - SUBJECT ADDED ENTRY--TOPICAL TERM
Topical term or geographic name entry element REMODELACION DE VIVIENDAS
942 ## - ADDED ENTRY ELEMENTS (KOHA)
Koha item type Libros
Existencias
Fecha de la última vez que lo usaron Pago total Signatura topográfica completa Código de barras Precio efectivo desde Tipo de documento Estado perdido Estado dañado No es para préstamo Retirado Ubicación permanente Ubicación actual Fecha de adquisición
15/05/2020   728.22/T36 Bib-Lima15052359 15/05/2020 Libros         Biblioteca Central Lima Biblioteca Central Lima 15/05/2020